Čarovná záhrada stieraj a relaxuj : úžasné antistresové stieracie obrázky : 12 námetov s fantastickými stierateľnými farebnými efektmi + drevená palička

Bibliographic Details
Other Authors: Šinková, Terézia (Translator)
Format: Book
Language:Slovak
German
PhysicalDescription:[12] l., [4] s. fareb. ilustr. 26 cm 1 palička
Published: Bratislava Ikar 2017
ISBN:9788055156248 (brož.)
Edition:1. vyd.
Subjects:

MARC

LEADER 00000nam a2200000 a 4500
001 vtls011726939
003 SK-MaSNL
005 20260302091607.0
008 180105s2017 xo f g 000 0 slo
015 |a SNBA2018/02 
020 |a 9788055156248 (brož.) 
040 |a SNK  |b slo  |c SNK  |e AACR2 
041 1 |a slo  |h ger 
044 |a xo  |c SK 
072 7 |a 79  |x Rekreácia. Voľný čas. Zábavy. Hry. Šport  |2 konspekt 
080 |a 79  |2 2011 
080 |a 613.86  |2 2011 
080 |a (084.053.2)  |2 2011 
130 0 |a Scratch & Relax: Zauber-Gärten  |l Slovensky  |9 760312 
245 1 0 |a Čarovná záhrada  |b stieraj a relaxuj : úžasné antistresové stieracie obrázky : 12 námetov s fantastickými stierateľnými farebnými efektmi + drevená palička  |c [z nemeckého originálu preložila Terézia Šinková] 
246 3 0 |a Úžasné antistresové stieracie obrázky 
250 |a 1. vyd. 
260 |a Bratislava  |b Ikar  |c 2017 
300 |a [12] l., [4] s.  |b fareb. ilustr.  |c 26 cm  |e 1 palička 
500 |a Publikácia obsahuje 12 slabo lepených kartónových listov so stierateľnými plochami 
500 |a Názov z obalu 
500 |a Bez textu 
650 0 7 |a voľný čas  |2 SNKPH  |9 3355 
650 0 7 |a relaxácia  |2 SNKPH  |9 4284 
650 0 7 |a Leisure  |2 SNKPHeng  |9 266400 
650 0 7 |a Relaxation  |2 SNKPHeng  |9 338679 
655 7 |a maľovanky  |2 SNKPH  |9 70662 
655 7 |a Colouring books  |2 SNKPHeng  |9 302494 
700 1 |a Šinková, Terézia  |4 trl  |9 215077 
919 |a 978-80-551-5624-8 
958 |a OP 
968 |b DT 
999 |c 1201344  |d 1203274 
952 |a SNK  |b SNK  |y PREZ  |7 0  |p 17A1307026  |o snkOSC 28234  |i snk2018/571  |8 0  |3 Dokument obsahuje príl. 1 drevenú paličku  |0 0  |1 0  |4 0  |d 2018-01-10  |l 0  |r 2026-02-24 22:42:30  |w 2026-02-24 
952 |a SNK  |b SNK  |y PREZ  |7 0  |p 17A1307027  |o snkOSC 28234/príl.  |i snk2018/571  |8 0  |z Príl.: 1 drevená palička  |0 0  |1 0  |4 0  |d 2018-01-10  |l 0  |r 2026-02-24 22:42:30  |w 2026-02-24 
952 |a SNK  |b SNK  |y PREZ  |7 0  |p 17A1307028  |o snkOSC 28234 D1  |i snk2018/574  |8 0  |3 Dokument obsahuje príl. 1 drevenú paličku  |0 0  |1 0  |4 0  |d 2018-01-10  |l 0  |r 2026-02-24 22:42:30  |w 2026-02-24 
952 |a SNK  |b SNK  |y PREZ  |7 0  |p 17A1307029  |o snkOSC 28234/príl. D1  |i snk2018/574  |8 0  |z Príl.: 1 drevená palička  |0 0  |1 0  |4 0  |d 2018-01-10  |l 0  |r 2026-02-24 22:42:30  |w 2026-02-24